00430nmm a2200157Ia 4500008004100000041000800041100001900049245002100068264005100089300001800140490001400158650002200172856005200194942000700246999001900253251105s9999||||xx |||||||||||||||||und|| aspa aVigo, Cristina 0a10 días para G a[Madrid, España] :bEditorial Egales, c2018 a150 páginas aNarrativa aSpanish narrative uhttps://public.digitaliapublishing.com/a/174939 cCF c100156d100156